| 000 | 01041njm a22002777a 4500 | ||
|---|---|---|---|
| 005 | 20100914152621.0 | ||
| 007 | sd ammalaaahaa | ||
| 008 | 100913t xxu||||| |||| 00| 0 hin d | ||
| 028 |
_aEALP 5630 _bEMI |
||
| 035 | _aGR-03250 | ||
| 040 | _aSED/VEN | ||
| 100 |
_aMangeskar, Lata _91184 |
||
| 245 |
_aSawan key din aaye sajanva aan milo / _cby Lata Mangeskar _h[sound recording] : |
||
| 246 | _aसावन के दिन आये सजनवा आन मिलो /लता मंगेशकर द्वारा | ||
| 260 |
_aDum Dum India _bEMI _c1979 |
||
| 300 |
_a1 sound disc [Gramophone record] : _banalog, 33 1/3 rpm _c12.5 in. (LP) _fGramophone Record |
||
| 500 | _aBrief Record | ||
| 500 | _aRecord label :EMI, Red | ||
| 505 | _aSide 2 O sajna barkha bahar aai | ||
| 600 |
_aMangeskar, Lata _919992 |
||
| 650 |
_aHindi film song _xExcerpts _zIndia _919603 |
||
| 700 | _919604 | ||
| 700 | _919605 | ||
| 942 |
_2ddc _cGR |
||
| 999 |
_c46415 _d46415 |
||